| 000 | 00886nam a22002177a 4500 | ||
|---|---|---|---|
| 942 | _cBK | ||
| 999 |
_c633 _d633 |
||
| 005 | 20250420134819.0 | ||
| 008 | 200816b ||||| |||| 00| 0 eng d | ||
| 020 | _a9781107682320 | ||
| 040 | _cKCST | ||
| 082 |
_a428.34 _bDi Un |
||
| 100 |
_aDimond-Bayir, Stephanie _95136 |
||
| 245 |
_aUnlock : listening and speaking skills. Level 2, Student's book and online workbook _blistening and speaking skills. Level 2, Student's book and online workbook _cStephanie Dimond-Bayir |
||
| 260 |
_aCambridge : _bCambridge University Press, _c2014. |
||
| 300 | _a223 p. | ||
| 440 |
_aCambridge discovery education skills _95137 |
||
| 650 |
_aEnglish language _vTextbooks for foreign speakers. _94734 |
||
| 650 |
_aEnglish language _vSpoken English _xTextbooks for foreign speakers. _95138 |
||
| 650 |
_aEnglish language _vSound recordings for foreign speakers. _95139 |
||
| 942 | _2ddc | ||